00415nam a22001457a 450000500170000000800410001702000180005804100130007608200140008910000260010324500390012926000470016830000280021565000260024320231106131452.0231106b |||||||| |||| 00| 0 eng d a9780702130120 aEnglish  a346.5 BAR aBarker, HJ lEnglish  aThe Drafting of Wills cHJ Barker  aCape Town : bJuta and Company Ltd, c1993 bx, 137 pages ; c25 cm. aLegal practice bLaw